Kuki women (Record no. 8297)

MARC details
000 -LEADER
fixed length control field 00375nam a2200157Ia 4500
020 ## - INTERNATIONAL STANDARD BOOK NUMBER
ISBN 9789382059202
082 ## - DEWEY DECIMAL CLASSIFICATION NUMBER
Classification number 305.42095417 KUK;
100 ## - MAIN ENTRY--AUTHOR NAME
Personal name Sitlhou, Hoineilhing
245 #0 - TITLE STATEMENT
Title Kuki women
260 ## - PUBLICATION, DISTRIBUTION, ETC. (IMPRINT)
Place of publication New Delhi
Name of publisher Synergy Books India
Year of publication 2014
300 ## - PHYSICAL DESCRIPTION
Number of Pages xix, 325
650 ## - SUBJECT ADDED ENTRY--TOPICAL TERM
Topical Term KUKI WOMEN
650 ## - SUBJECT ADDED ENTRY--TOPICAL TERM
Topical Term WOMEN///KUKI WOMEN
650 ## - SUBJECT ADDED ENTRY--TOPICAL TERM
Topical Term TRIBES AND TRIBALS
942 ## - ADDED ENTRY ELEMENTS (KOHA)
Koha item type Books
Holdings
Withdrawn status Lost status Damaged status Not for loan Home library Current library Date acquired Source of acquisition Bill Date Full call number Accession Number Price effective from Koha item type
        NASSDOC Library NASSDOC Library 31/03/2014 BW 2014-03-12 305.42095417 KUK; 48428 18/04/2019 Books